Les devises nationales des pays européens - Statistiques

Statistiques générales
  • Ce quiz a été pris 26 fois
  • Le résultat moyen est 8 sur 26
Statistiques - réponses
Pays % Correct
Albanie
87%
France
74%
Belgique
61%
Liechtenstein
43%
Royaume-Uni
43%
Pays-Bas
39%
Suisse
39%
Allemagne
35%
Espagne
30%
Grèce
30%
Luxemburg
30%
Autriche
26%
Norvège
26%
Pologne
26%
Portugal
26%
Ukraine
26%
Danemark
22%
Moldavie
22%
Monaco
22%
Suède
22%
Andorre
17%
Bulgarie
17%
République Tchèque
17%
Saint-Marin
17%
Malte
13%
Serbie
13%
Aucun quiz correspondant
Distribution des résultats
% des personnes avec chaque résultat
Percentile par nombre de réponses
Votre historique - résultats
Vous n’avez pas pris ce quiz